| 000 | 00380nam a22001697a 4500 | ||
|---|---|---|---|
| 003 | SGT | ||
| 020 | _a9789354656422 | ||
| 082 |
_a616 _bM24A |
||
| 100 | _aALAGAPPAN,R. | ||
| 245 | _aMANUAL OF PRACTICAL MEDICINE | ||
| 250 | _a7TH | ||
| 260 |
_aNEW DELHI _bJAYPEE PUB. _c2024 |
||
| 300 | _a920 | ||
| 650 | _aMEDICINE | ||
| 653 | _aMANUAL , PRACTICAL, MEDICINE | ||
| 942 |
_2ddc _cBK |
||
| 999 |
_c29096 _d29096 |
||